| 000 | 01194nam a22002297a 4500 | ||
|---|---|---|---|
| 999 |
_c12459 _d12459 |
||
| 003 | AR-CdUCM | ||
| 008 | 190408b ||||| |||| 00| 0 spa d | ||
| 020 | _a978-612-4121-00-5 | ||
| 040 |
_aMUNICIPALIDAD PROVINCIAL DEL CUSCO _cBIBLIOTECA MUNICIPAL DEL CUSCO |
||
| 082 |
_a985.613 / _bH41 |
||
| 100 |
_aHerz, Carlos _930311 |
||
| 245 |
_aGobernabilidad y gestión de recursos naturales en Cusco y Apurímac : _baproximacion para medir la gobernabilidad local a partir del estudio de 4 provincias altoandinas / |
||
| 260 |
_aCusco : _bAsociacion Arariwa, _c2011. |
||
| 300 |
_a232 páginas ; _bIlustraciones, _c24 cm. |
||
| 505 | _aContenido: algunas aproximaciones al concepto de gobernabilidad y sus indicadores de medición, intentos de aplicación en el contexto de las cuatro provincias consideradas -- Las políticas y normas regionales y locales en relación a la gestión de los recursos naturales, programas y proyectos regionales ... | ||
| 650 |
_aGobernabilidad _924980 |
||
| 650 |
_aPolíticas _910722 |
||
| 650 |
_aNormas regionales _930312 |
||
| 710 |
_aCentro andino de educación y promoción José María Argueda _930313 |
||
| 942 |
_2ddc _cLIBROS |
||
| 945 |
_aacv _d2019.04-08 |
||